Retos de la mujer en la participación política /
Gardado en:
| Autor Principal: | |
|---|---|
| Formato: | Texto |
| Materias: | |
| Etiquetas: |
Engadir etiqueta
Sen Etiquetas, Sexa o primeiro en etiquetar este rexistro!
|
MARC
| LEADER | 00000 a a2200000 04500 | ||
|---|---|---|---|
| 001 | 8217 | ||
| 003 | |||
| 040 | |||
| 100 | |a Calvo Solano, Marlene | ||
| 245 | |a Retos de la mujer en la participación política / |c Marlene Calvo Solano | ||
| 650 | |a GOBIERNO LOCAL | ||
| 650 | |a PARTICIPACION DE LA MUJER | ||
| 650 | |a PARTICIPACION POLITICA | ||
| 773 | |g volumen 5, número 4; páginas 37-38 | ||
| 999 | |c 25703 |d 25703 | ||
